[Event "It (open) \"]
[Site "masterchessopen.com – Litomysl (Czech Republic)"]
[Round "0"]
[White "Neuman Petr (CZE)"]
[Black "Kalinin Oleg (UKR)"]
[Result "0-1"]
[WhiteElo "2155"]
[BlackElo "2405"]

1.d4 Nf6 2.c4 d6 3.Nc3 Nbd7 4.e4 e5 5.Nf3 g6 6.Be2 Bg7 7.O-O O-O 8.Re1 c6
9.Bf1 exd4 10.Nxd4 Ng4 11.h3 Qb6 12.hxg4 Bxd4 13.Qd2 Be5 14.Be2 Nc5 15.Qc2 Ne6
16.Be3 Qd8 17.Qd2 Nc5 18.Bh6 Re8 19.f4 Bh8 20.Bf3 Ne6 21.g3 Nd4 22.Kg2 Nxf3
23.Kxf3 Be6 24.Qd3 Qb6 25.b3 Qa5 26.Rac1 Bxg4+ 27.Kg2 f5 28.c5 fxe4 29.Nxe4 d5
30.Qd2 Qxd2+ 31.Nxd2 Rxe1 32.Rxe1 Bc3 33.f5 Bxf5 34.Re7 b6 {#R} 0-1

[Event "It (cat.11)"]
[Site "masterchessopen.com – Rishon le Zion (Israel)"]
[Round "6"]
[White "Mikhalevski Victor (ISR)"]
[Black "Sutovsky Emil (ISR)"]
[Result "1-0"]
[WhiteElo "2495"]
[BlackElo "2545"]

1.d4 Nf6 2.c4 g6 3.Nc3 Bg7 4.e4 d6 5.Nf3 O-O 6.Be2 Nbd7 7.O-O e5 8.Re1 c6
9.Bf1 exd4 10.Nxd4 Re8 11.Rb1 Ng4 12.Qxg4 Bxd4 13.Qd1 Qf6 14.Be3 Bxc3 15.bxc3
Rxe4 16.Qd2 Nf8 17.Bg5 Qe5 18.Rxe4 Qxe4 19.Re1 Qf5 20.Re8 Qd7 21.Rd8 {#r} 1-0

[Event "It (2)"]
[Site "masterchessopen.com – Tel Aviv (Israel)"]
[Round "0"]
[White "Kantsler Boris (ISR)"]
[Black "Sutovsky Emil (ISR)"]
[Result "0-1"]
[WhiteElo "2480"]
[BlackElo "2545"]

1.d4 Nf6 2.c4 g6 3.Nc3 Bg7 4.e4 d6 5.Nf3 O-O 6.Be2 Nbd7 7.O-O e5 8.Re1 c6
9.Bf1 exd4 10.Nxd4 Re8 11.Bf4 Ne5 12.Qd2 Nh5 13.Bh6 Bxh6 14.Qxh6 Qf6 15.Qd2
Nf4 16.Re3 Qg5 17.Kh1 Nxc4 18.Nf3 Qg4 19.Qd1 Nxe3 20.fxe3 Ne6 21.Qxd6 Ng5
22.Nd2 Be6 23.h3 Rad8 24.Qh2 Qh4 25.Rd1 Qf2 {#R} 0-1

[Event "It (open) \"]
[Site "masterchessopen.com – Copenhagen (Denmark)"]
[Round "9"]
[White "Lynge Michael (DEN)"]
[Black "Wallace John Paul (AUS)"]
[Result "0-1"]
[WhiteElo "2194"]
[BlackElo "2365"]

1.d4 Nf6 2.c4 g6 3.Nc3 Bg7 4.e4 d6 5.Nf3 O-O 6.Be2 Nbd7 7.O-O e5 8.Re1 c6
9.Bf1 exd4 10.Nxd4 Re8 11.Nc2 Ne5 12.Rb1 Be6 13.Ne3 a6 14.a4 a5 15.b3 Nfg4
16.h3 Nxe3 17.Rxe3 f5 18.Bb2 f4 19.Re1 Qg5 20.Kh1 f3 21.Qxd6 fxg2+ 22.Bxg2 Qh4
23.Re3 Rad8 24.Qc5 Nd3 25.Rxd3 Rxd3 26.Ne2 Bxb2 27.Rxb2 Bxh3 28.Ng3 Rd1+
29.Kh2 Bc8+ {#R} 0-1

[Event "It (open)"]
[Site "masterchessopen.com – Metz (France)"]
[Round "0"]
[White "Giacomazzi Dominique (FRA)"]
[Black "Sutovsky Emil (ISR)"]
[Result "0-1"]
[WhiteElo "2235"]
[BlackElo "2565"]

1.d4 Nf6 2.c4 g6 3.Nc3 Bg7 4.e4 d6 5.Be2 O-O 6.Nf3 Nbd7 7.O-O e5 8.Re1 c6
9.Bf1 exd4 10.Nxd4 Re8 11.Bf4 Ne5 12.f3 a6 13.a4 a5 14.Qd2 Nfd7 15.Rad1 Nc5
16.Qc2 Qb6 17.Be3 f5 18.exf5 Ned3 19.Bxd3 Rxe3 20.Nce2 Nxd3 21.Rxd3 Bxd4
22.Rxd4 Rxe2 23.c5 Rxe1+ 24.Kf2 Bxf5 25.Qc4+ Be6 26.cxb6 Bxc4 {#R} 0-1

[Event "Cup Russia (open)"]
[Site "masterchessopen.com – Omsk (Russia)"]
[Round "6"]
[White "Yarovik Yu (RUS)"]
[Black "Graf Alexander (GER)"]
[Result "0-1"]
[WhiteElo "2375"]
[BlackElo "2580"]

1.d4 Nf6 2.c4 g6 3.Nc3 Bg7 4.e4 d6 5.Nf3 O-O 6.Be2 e5 7.O-O Nbd7 8.Re1 c6
9.Bf1 exd4 10.Nxd4 Ng4 11.h3 Qb6 12.hxg4 Qxd4 13.g5 Qe5 14.Be3 Qe7 15.f3 Ne5
16.Qd2 Be6 17.b3 f6 18.Rad1 Rad8 19.f4 Ng4 20.f5 Bc8 21.Bxa7 Qe5 22.Be2 Qh2+
23.Kf1 gxf5 24.Bf3 fxg5 25.Qxg5 h6 26.Qd2 fxe4 27.Nxe4 Ne5 28.Qf2 Nxf3 29.gxf3
Rxf3 30.Qxf3 Bh3+ 31.Qxh3 Qxh3+ 32.Ke2 Re8 33.Kd2 Rxe4 34.Rxe4 Qc3+ 35.Ke2
Qc2+ {#R} 0-1

[Event "Ch Switzerland (team)"]
[Site "masterchessopen.com – Switzerland"]
[Round "8"]
[White "Sutter Oliver (SUI)"]
[Black "Vogt Lothar (GER)"]
[Result "0-1"]
[WhiteElo "2335"]
[BlackElo "2505"]

1.d4 Nf6 2.c4 d6 3.Nc3 Nbd7 4.e4 e5 5.Nf3 g6 6.Be2 Bg7 7.O-O O-O 8.Re1 c6
9.Bf1 exd4 10.Nxd4 Re8 11.Bf4 Nc5 12.Qc2 Ng4 13.Nde2 Ne5 14.Ng3 h5 15.h3 h4
16.Nh1 g5 17.Be3 g4 18.hxg4 Nxg4 19.Bf4 Ne6 20.g3 Nxf4 21.gxf4 Qf6 22.Qd2 Bh6
23.e5 Nxe5 24.Bg2 Bxf4 25.Qe2 Bg4 {#R} 0-1

[Event "Staatsliga B 1997/98"]
[Site "masterchessopen.com – Austria"]
[Round "3"]
[White "Koutsin Sergey (UKR)"]
[Black "Wirius Stefan (AUT)"]
[Result "1-0"]
[WhiteElo "2440"]
[BlackElo "2225"]

1.d4 Nf6 2.c4 g6 3.Nc3 Bg7 4.e4 d6 5.Nf3 O-O 6.Be2 Nbd7 7.O-O e5 8.Re1 c6
9.Bf1 exd4 10.Nxd4 Ng4 11.Qxg4 Bxd4 12.Be3 Nc5 13.Qd1 Be5 14.Qd2 Re8 15.Rad1
Qf6 16.f3 a5 17.Ne2 Qg7 18.Bh6 Qf6 19.Be3 Qg7 20.b3 f5 21.Bh6 Qf7 22.exf5 Bxf5
23.Ng3 Qf6 24.Bg5 Qg7 25.Bf4 Bd4+ 26.Kh1 Rxe1 27.Qxe1 {#r} 1-0

[Event "Bundesliga (2nd) North 1996/97"]
[Site "masterchessopen.com – Germany"]
[Round "0"]
[White "Apel Stefan (GER)"]
[Black "Teuchert Bernd (GER)"]
[Result "0-1"]
[WhiteElo "2305"]
[BlackElo "2131"]

1.c4 Nf6 2.Nc3 g6 3.e4 d6 4.d4 Bg7 5.Nf3 O-O 6.Be2 e5 7.O-O Nbd7 8.Re1 c6
9.Bf1 exd4 10.Nxd4 Re8 11.Bf4 Nc5 12.Qc2 Nh5 13.Be3 a5 14.Rad1 Qe7 15.f3 Qf8
16.Qd2 a4 17.Kh1 Be5 18.g3 Qe7 19.Qf2 Qc7 20.Rd2 Qa5 21.Rc2 Ng7 22.Rd1 f5
23.exf5 Nxf5 24.Nxf5 Bxf5 25.Rcc1 a3 26.Bd4 axb2 27.Qxb2 Bxd4 28.Rxd4 Re3
29.Kg2 Rae8 30.Rxd6 Bd3 31.Bxd3 Nxd3 32.Rxd3 Rxd3 33.Rc2 Qe5 34.Qc1 Qe3 35.Ne4
Qxf3+ {#R} 0-1

[Event "It (open)"]
[Site "masterchessopen.com – Kosice (Czech Republic)"]
[Round "0"]
[White "Koutsin Sergey (UKR)"]
[Black "Hagara Eduard (SVK)"]
[Result "1-0"]
[WhiteElo "2440"]
[BlackElo "2165"]

1.d4 Nf6 2.c4 g6 3.Nc3 Bg7 4.e4 O-O 5.Nf3 d6 6.Be2 e5 7.O-O Nbd7 8.Re1 c6
9.Bf1 exd4 10.Nxd4 Re8 11.b3 Ng4 12.Qxg4 Bxd4 13.Bd2 Ne5 14.Qg3 Ng4 15.Re2 h5
16.h3 Ne5 17.Rd1 h4 18.Qh2 Qf6 19.Be1 Nd7 20.Rxd4 Qxd4 21.Qf4 Nc5 22.Re3 f5
23.Qxh4 Qg7 24.b4 Nxe4 25.Nxe4 Rxe4 26.Rxe4 fxe4 27.Qd8+ Qf8 28.Qc7 Qf7
29.Qxd6 Be6 30.Qd4 Re8 31.Bc3 Kf8 32.Qxa7 Bxc4 {#r} 1-0

[Event "Ch St. Petersburg"]
[Site "masterchessopen.com – St. Petersburg (Russia)"]
[Round "5"]
[White "Sakaev Konstantin (RUS)"]
[Black "Svidler Peter (RUS)"]
[Result "1-0"]
[WhiteElo "2590"]
[BlackElo "2660"]

1.d4 Nf6 2.c4 g6 3.Nc3 Bg7 4.e4 d6 5.Nf3 O-O 6.Be2 e5 7.O-O Nbd7 8.Re1 c6
9.Bf1 exd4 10.Nxd4 Ng4 11.Qxg4 Bxd4 12.Qd1 Qf6 13.Be3 Bxe3 14.Rxe3 Ne5 15.Qd2
h5 16.Rd1 Rd8 17.b3 h4 18.Be2 Be6 19.g3 Ng4 20.Bxg4 Bxg4 21.f3 Be6 22.g4 Rd7
23.Rd3 Rad8 24.Qh6 a6 25.g5 Qf4 26.Ne2 Qe5 27.Qxh4 d5 28.Qf4 Qxf4 29.Nxf4 dxe4
30.Rxd7 Bxd7 31.fxe4 Kf8 32.e5 Ke7 33.e6 {#r} 1-0

[Event "Ch Switzerland (team) 1996/97"]
[Site "masterchessopen.com – Switzerland"]
[Round "0"]
[White "Zueger Beat (SUI)"]
[Black "Vogt Lothar (GER)"]
[Result "1-0"]
[WhiteElo "2440"]
[BlackElo "2515"]

1.d4 Nf6 2.c4 g6 3.Nc3 Bg7 4.e4 d6 5.Nf3 O-O 6.Be2 e5 7.O-O Nbd7 8.Re1 c6
9.Bf1 exd4 10.Nxd4 Re8 11.Bf4 Nc5 12.Qc2 Ng4 13.Qd2 a5 14.Rad1 a4 15.h3 Ne5
16.Be3 Qa5 17.Kh1 Qa6 18.Qc1 Qa5 19.f3 f6 20.Qc2 Bd7 21.Bd2 Qb6 22.Be3 Qb4
23.Ncb5 Nxe4 24.fxe4 cxb5 25.a3 Qa5 26.Nxb5 Nf7 27.Bd2 Qb6 28.Be3 Qc6 29.Bf4
Bf8 30.c5 Ra5 31.Nxd6 Rxc5 32.Bc4 Bxd6 33.Rxd6 Qc8 34.Bxf7+ Kxf7 35.Rxd7+ Kg8
36.Qd3 {#r} 1-0

[Event "Tournament"]
[Site "masterchessopen.com – Aarhus (Denmark)"]
[Round "4"]
[White "Jensen Jacob Bjerre (DEN)"]
[Black "Matthiesen Martin (DEN)"]
[Result "0-1"]
[WhiteElo "2160"]
[BlackElo "2275"]

1.d4 d6 2.Nf3 g6 3.c4 Bg7 4.Nc3 Nf6 5.e4 O-O 6.Be2 e5 7.O-O Nbd7 8.Re1 c6
9.Bf1 exd4 10.Nxd4 Ng4 11.Qxg4 Bxd4 12.Qg3 Be5 13.f4 Bf6 14.Be3 Bh4 15.Qf3
Bxe1 16.Rxe1 Nf6 17.e5 Ng4 18.Rd1 Qh4 19.h3 Nxe3 20.Qxe3 dxe5 21.fxe5 Rd8
22.g3 Qe7 23.Re1 h5 24.Qf4 Bf5 25.g4 hxg4 26.hxg4 Qc5+ 27.Kg2 Rd4 {#R} 0-1

[Event "Olympiad"]
[Site "masterchessopen.com – Elista (Russia)"]
[Round "11"]
[White "Babula Vlastimil (CZE)"]
[Black "Saltaev Mihail (UZB)"]
[Result "1-0"]
[WhiteElo "2575"]
[BlackElo "2525"]

1.d4 Nf6 2.c4 d6 3.Nc3 Nbd7 4.e4 e5 5.Nf3 g6 6.Be2 Bg7 7.O-O O-O 8.Re1 c6
9.Bf1 exd4 10.Nxd4 Ng4 11.Qxg4 Bxd4 12.Qd1 Qf6 13.Be3 Bxe3 14.Rxe3 Ne5 15.Qd2
h5 16.Be2 Bg4 17.Rf1 Bxe2 18.Qxe2 Ng4 19.Rd3 Qe5 20.g3 Qc5 21.b3 Rae8 22.Na4
Qb4 23.Qd2 Qa3 24.Rxd6 Ne5 25.f4 Nxc4 26.bxc4 Qxa4 27.f5 Qxc4 28.fxg6 Qc5+
29.Kg2 Qe5 30.Qh6 Qxe4+ 31.Rf3 {#r} 1-0

[Event "It (open)"]
[Site "masterchessopen.com – Polanica Zdroj (Poland)"]
[Round "0"]
[White "Galinsky Timofey (UKR)"]
[Black "Kalinin Oleg (UKR)"]
[Result "0-1"]
[WhiteElo "2380"]
[BlackElo "2445"]

1.d4 Nf6 2.Nf3 g6 3.c4 Bg7 4.Nc3 d6 5.e4 O-O 6.Be2 Nbd7 7.O-O e5 8.Re1 c6
9.Bf1 exd4 10.Nxd4 Ng4 11.h3 Qb6 12.hxg4 Bxd4 13.Be3 Bxe3 14.Rxe3 Ne5 15.Be2
Qd8 16.b3 Qf6 17.Rc1 Rd8 18.Rc2 Qg5 19.Rg3 Be6 20.Rd2 b6 21.Rd4 Rd7 22.Qf1 Qf4
23.g5 f6 24.gxf6 Rf8 25.Bf3 Rxf6 26.Qd1 g5 27.Kf1 g4 28.Rxd6 Rxd6 {#R} 0-1

[Event "It (open) \"]
[Site "masterchessopen.com – Slovakia"]
[Round "8"]
[White "Harasta Vladimir (SVK)"]
[Black "Karlik Vladimir (CZE)"]
[Result "0-1"]
[WhiteElo "2213"]
[BlackElo "2305"]

1.c4 g6 2.Nf3 Bg7 3.d4 Nf6 4.Nc3 O-O 5.e4 d6 6.Be2 Nbd7 7.O-O e5 8.Re1 c6
9.Bf1 exd4 10.Nxd4 Ng4 11.Qxg4 Bxd4 12.Qg3 Nf6 13.Bg5 Qa5 14.Rad1 Bxf2+
15.Kxf2 Ng4+ 16.Ke2 Qxg5 17.h3 Qe5 18.Qxe5 Nxe5 19.Rxd6 Nxc4 20.Rd4 Be6 21.b3
Ne5 22.Na4 b6 23.Nb2 c5 24.Rd6 Rfd8 25.Red1 Rxd6 26.Rxd6 Kf8 27.Rd2 Ke7 28.Nd3
Nxd3 29.Rxd3 a5 30.Rc3 a4 31.Kd3 axb3 32.axb3 Ra3 33.Kc2 Ra2+ 34.Kd1 Ra1+
35.Ke2 Rb1 {#R} 0-1

[Event "Ch Belgium (team) 1998/99"]
[Site "masterchessopen.com – Belgium"]
[Round "7"]
[White "Duhayon Yves (BEL)"]
[Black "De Wit Dick (NED)"]
[Result "1-0"]
[WhiteElo "2139"]
[BlackElo "2242"]

1.d4 Nf6 2.c4 g6 3.Nc3 Bg7 4.e4 d6 5.Nf3 O-O 6.Be2 Nbd7 7.O-O e5 8.Re1 c6
9.Bf1 exd4 10.Nxd4 Ng4 11.Qxg4 Bxd4 12.Qd1 Qf6 13.Be3 Bxe3 14.Rxe3 Ne5 15.Qd2
Rd8 16.Rd1 Be6 17.b3 h5 18.Ree1 Bg4 19.Be2 Bxe2 20.Rxe2 c5 21.Nd5 Qg7 22.Qg5
Ng4 23.h3 Qe5 24.f4 Qxg5 25.fxg5 Ne5 26.Nf6+ Kf8 27.Red2 Nc6 28.Rxd6 Nd4 29.e5
b6 30.Kf2 h4 31.Ke3 Nf5+ 32.Ke4 Nxd6+ 33.exd6 Rac8 34.Kd5 Rc7 35.Re1 Rcc8
36.d7 Ra8 37.Kc6 Rab8 38.Re4 {#r} 1-0

[Event "Bundesliga (2nd) North 1999/00"]
[Site "masterchessopen.com – Germany"]
[Round "0"]
[White "Federau Juergen (GER)"]
[Black "Heinig Wolfram Dr (GER)"]
[Result "0-1"]
[WhiteElo "2242"]
[BlackElo "2296"]

1.d4 Nf6 2.c4 d6 3.Nc3 Nbd7 4.e4 e5 5.Nf3 g6 6.Be2 Bg7 7.O-O O-O 8.Re1 c6
9.Bf1 exd4 10.Nxd4 Ng4 11.h3 Qb6 12.Qxg4 Qxd4 13.Rd1 Qc5 14.Qg3 Be5 15.Qd3 Re8
16.Be3 Qa5 17.Bd2 Qc7 18.Bh6 Nc5 19.Qd2 a5 20.Re1 a4 21.f4 Bh8 22.Rad1 Bd7
23.Qxd6 Qxd6 24.Rxd6 a3 25.e5 axb2 26.Rb1 Be6 27.Bg5 Ra3 28.Nd1 Rxa2 29.Nxb2
Ne4 30.Rd3 Nxg5 31.fxg5 Bxe5 32.Rd2 Bf5 33.Re1 Bd4+ {#R} 0-1

[Event "Oberliga Northeast 1998/99"]
[Site "masterchessopen.com – Germany"]
[Round "0"]
[White "Jacobs Joachim Dr (GER)"]
[Black "Heinig Wolfram Dr (GER)"]
[Result "0-1"]
[WhiteElo "2174"]
[BlackElo "2296"]

1.d4 Nf6 2.Nf3 g6 3.c4 Bg7 4.Nc3 O-O 5.e4 d6 6.Be2 e5 7.O-O Nbd7 8.Re1 c6
9.Bf1 exd4 10.Nxd4 Ng4 11.Qxg4 Bxd4 12.Qg3 Qf6 13.Be3 Bxe3 14.Rxe3 Ne5 15.f4
Ng4 16.Rd3 d5 17.cxd5 cxd5 18.Nxd5 Qxb2 19.Rad1 Qc2 20.h3 Qc5+ 21.Rd4 h5
22.hxg4 Bxg4 23.Nf6+ Kg7 24.Nxg4 hxg4 25.Qf2 Rh8 26.Rd5 Rh1+ {#R} 0-1

[Event "Olympiad (children)"]
[Site "masterchessopen.com – Gurzuf (Ukraine)"]
[Round "2"]
[White "Eljanov Pavel (UKR)"]
[Black "Jobava Baadur (GEO)"]
[Result "0-1"]
[WhiteElo "2447"]
[BlackElo "2330"]

1.d4 Nf6 2.Nf3 g6 3.c4 Bg7 4.Nc3 d6 5.e4 O-O 6.Be2 e5 7.O-O Nbd7 8.Re1 c6
9.Bf1 exd4 10.Nxd4 Re8 11.Bf4 Ne5 12.Qd2 Nh5 13.Bh6 Bxh6 14.Qxh6 Qf6 15.Qd2
Nf4 16.Kh1 h5 17.Red1 h4 18.Nf5 Qg5 19.Nxh4 Qxh4 20.g3 Qh5 21.Qxf4 g5 22.Be2
Bg4 23.Qe3 Nf3 24.Bxf3 Bxf3+ 25.Kg1 Re6 26.h3 Rf6 27.Rd3 Qxh3 28.Qxg5+ Rg6
29.Qxg6+ fxg6 30.Rxf3 Kg7 31.Rd3 Rh8 32.f4 Qh1+ {#R} 0-1

[Event "Bundesliga (2nd) North 2000/01"]
[Site "masterchessopen.com – Germany"]
[Round "1"]
[White "Willsch Matthias (GER)"]
[Black "Heinig Wolfram Dr (GER)"]
[Result "1-0"]
[WhiteElo "2272"]
[BlackElo "2294"]

1.d4 Nf6 2.c4 d6 3.Nc3 Nbd7 4.e4 e5 5.Nf3 g6 6.Be2 Bg7 7.O-O O-O 8.Re1 c6
9.Bf1 exd4 10.Nxd4 Ng4 11.Qxg4 Bxd4 12.Qd1 Qf6 13.Be3 Bxe3 14.Rxe3 Ne5 15.Qd2
Rd8 16.Rg3 Be6 17.b3 c5 18.f4 Nc6 19.f5 Bd7 20.Bd3 Ne5 21.Rf1 Qg7 22.Nd5 Kh8
23.f6 Qf8 24.Be2 Be6 25.Nf4 Rd7 26.Nh3 a6 27.Qg5 b5 28.Rf4 bxc4 29.Rh4 cxb3
30.Rxh7+ Kxh7 31.Qh4+ Kg8 32.Ng5 Qg7 33.fxg7 Kxg7 34.axb3 Rh8 35.Qf4 {#r} 1-0

[Event "It (open)"]
[Site "masterchessopen.com – Hoogeveen (Netherlands)"]
[Round "1"]
[White "Peng Zhaoqin (NED)"]
[Black "Van Der Veen Jan (NED)"]
[Result "1-0"]
[WhiteElo "2403"]
[BlackElo "2092"]

1.d4 Nf6 2.c4 g6 3.Nc3 Bg7 4.e4 d6 5.Nf3 O-O 6.Be2 e5 7.O-O Nbd7 8.Re1 c6
9.Bf1 exd4 10.Nxd4 Re8 11.Nb3 Ne5 12.Nd4 d5 13.cxd5 cxd5 14.Bg5 dxe4 15.Nxe4
Qb6 16.Bxf6 Bxf6 17.Qb3 Bg7 18.Qxb6 axb6 19.Nb5 Rd8 20.a3 Bd7 21.Nc7 Rac8
22.Nd5 Rc2 23.Ndf6+ Bxf6 24.Nxf6+ Kg7 25.Nxd7 Nxd7 26.Rad1 Rc7 27.Rd6 Rc6
28.Rd4 Kf8 29.Bb5 {#r} 1-0

[Event "It (open)"]
[Site "masterchessopen.com – Liechtenstein"]
[Round "1"]
[White "Kohlweyer Bernd (GER)"]
[Black "Maier Peter (AUT)"]
[Result "1-0"]
[WhiteElo "2455"]
[BlackElo "2118"]

1.d4 g6 2.c4 Bg7 3.Nf3 d6 4.Nc3 Nf6 5.e4 O-O 6.Be2 Nbd7 7.O-O e5 8.Re1 c6
9.Bf1 exd4 10.Nxd4 Ng4 11.h3 Qb6 12.hxg4 Bxd4 13.Re2 c5 14.g5 Ne5 15.Nb5 Bg4
16.Nxd4 cxd4 17.f3 d3+ 18.Rf2 f5 19.gxf6 Rxf6 20.Qb3 Qd4 21.Qxb7 Be6 22.Bh6
Nxf3+ 23.gxf3 Rff8 24.Bxf8 Rxf8 25.Bg2 {#r} 1-0

[Event "It (open)"]
[Site "masterchessopen.com – Mancha (Spain)"]
[Round "1"]
[White "Damljanovic Branko (SRB)"]
[Black "Fernandez Barrera Francisco (ESP)"]
[Result "1-0"]
[WhiteElo "2559"]
[BlackElo "2350"]

1.Nf3 d6 2.d4 Nf6 3.c4 Nbd7 4.Nc3 e5 5.e4 g6 6.Be2 Bg7 7.O-O O-O 8.Re1 c6
9.Bf1 exd4 10.Nxd4 Ng4 11.h3 Qb6 12.hxg4 Qxd4 13.g5 Nc5 14.Bf4 Qxd1 15.Raxd1
Be5 16.Bc1 Be6 17.f4 Bxc3 18.bxc3 Rad8 19.Ba3 b6 20.Rd4 Rfe8 21.Kf2 Nb7 22.Kf3
c5 23.Rd5 Na5 24.Rb1 Bc8 25.Rbd1 Bb7 26.Bc1 Rd7 27.g4 Rde7 28.Rxd6 Rxe4 29.Kf2
Bc8 30.Kf3 Nxc4 31.Rd8 Bb7 32.Kf2 Na5 33.R1d7 Kf8 34.Bb5 Bc6 35.Rxe8+ Kxe8
36.Bxc6 Nxc6 37.Rc7 Re6 38.f5 {#r} 1-0

[Event "Ch Yugoslavia"]
[Site "masterchessopen.com – Herceg Novi (Montenegro)"]
[Round "12"]
[White "Tosic Miroslav (SRB)"]
[Black "Damljanovic Branko (SRB)"]
[Result "0-1"]
[WhiteElo "2495"]
[BlackElo "2569"]

1.d4 Nf6 2.c4 g6 3.Nc3 Bg7 4.e4 d6 5.Be2 O-O 6.Nf3 e5 7.O-O Nbd7 8.Re1 c6
9.Bf1 exd4 10.Nxd4 Ng4 11.Qxg4 Bxd4 12.Qd1 Qf6 13.Be3 Be5 14.Qd2 Re8 15.f4
Bxc3 16.bxc3 Qe7 17.Bf2 b6 18.Rad1 Nc5 19.f5 Bb7 20.Bd4 Nd7 21.Bf2 c5 22.Bg3
Ne5 23.Qh6 Rad8 24.f6 Qxf6 25.Bh4 Qg7 26.Qf4 f6 27.Bxf6 Qf7 28.Qh4 Rd7 29.Bg5
h5 30.Be2 Qe6 31.Bf4 Nf7 32.Qg3 Kh7 33.h3 Qf6 34.e5 Nxe5 35.Bxh5 gxh5 36.Bxe5
Qg6 {#R} 0-1

[Event "It (open)"]
[Site "masterchessopen.com – Linares (Spain)"]
[Round "3"]
[White "Epishin Vladimir (GER)"]
[Black "Castano Duvan Martin (COL)"]
[Result "1-0"]
[WhiteElo "2583"]
[BlackElo "2153"]

1.d4 Nf6 2.c4 g6 3.Nc3 Bg7 4.e4 d6 5.Nf3 O-O 6.Be2 Nbd7 7.O-O e5 8.Re1 c6
9.Bf1 exd4 10.Nxd4 Re8 11.Bf4 Ne5 12.Be2 Nfd7 13.Be3 Nc5 14.Qc2 Ne6 15.Rad1
Qh4 16.b3 Nf4 17.Bf1 Bg4 18.f3 Bd7 19.Kh1 Nh5 20.Qf2 Qf6 21.Qd2 Qd8 22.Nde2
Bf8 23.Nf4 Ng7 24.Nd3 Be6 25.Bd4 Qc7 26.Nf2 f5 27.f4 Nd7 28.Bd3 fxe4 29.Ncxe4
Nf5 30.Bb2 Re7 31.Ng5 Rae8 32.Bxf5 gxf5 33.Qc3 {#r} 1-0

[Event "It (open) \"]
[Site "masterchessopen.com – Paris (France)"]
[Round "3"]
[White "Bernard Christophe (FRA)"]
[Black "L'Henoret Thierry (FRA)"]
[Result "1-0"]
[WhiteElo "1694"]
[BlackElo "2122"]

1.d4 Nf6 2.Nf3 g6 3.c4 Bg7 4.Nc3 O-O 5.e4 d6 6.Be2 e5 7.O-O Nbd7 8.Re1 c6
9.Bf1 exd4 10.Nxd4 Re8 11.f3 a5 12.Be3 Nc5 13.Qd2 a4 14.Rab1 Nfd7 15.b4 axb3
16.axb3 Ra3 17.b4 Ne6 18.Red1 Qf6 19.Nxe6 Rxe6 20.Ne2 Qe7 21.Nd4 Bxd4 22.Bxd4
g5 23.Bb2 Ra8 24.Ra1 Rb8 25.Qd4 Ne5 26.Qa7 Qc7 27.c5 dxc5 28.bxc5 Rh6 29.Rd6
{#r} 1-0

[Event "It (open) \"]
[Site "masterchessopen.com – Tatranske Zruby (Slovakia)"]
[Round "4"]
[White "Obona Jan (SVK)"]
[Black "Jedlicka Ales (CZE)"]
[Result "0-1"]
[WhiteElo "2150"]
[BlackElo "2267"]

1.d4 Nf6 2.c4 g6 3.Nc3 Bg7 4.e4 d6 5.Nf3 O-O 6.Be2 Nbd7 7.O-O e5 8.Re1 c6
9.Bf1 exd4 10.Nxd4 Re8 11.h3 Nc5 12.f3 Nh5 13.Nde2 Qh4 14.Be3 Be5 15.Bf2 Qf6
16.Bd4 Ne6 17.Bxe5 dxe5 18.Qc2 Nd4 19.Nxd4 exd4 20.e5 Rxe5 21.Ne4 Qe7 22.Qf2
c5 23.b4 b6 24.Nd2 Re3 25.bxc5 bxc5 26.Ne4 f5 27.Nc3 Bb7 28.Rxe3 dxe3 29.Qb2
f4 30.Rb1 Bc6 {#R} 0-1

[Event "It (open)"]
[Site "masterchessopen.com – Bad Wiessee (Germany)"]
[Date "2002.10.27"]
[Round "2"]
[White "Kalka Arkadius Georg (GER)"]
[Black "Ditter Juergen (GER)"]
[Result "1-0"]
[WhiteElo "2405"]
[BlackElo "2146"]

1.d4 Nf6 2.c4 g6 3.Nc3 Bg7 4.e4 d6 5.Nf3 O-O 6.Be2 e5 7.O-O Nbd7 8.Re1 c6
9.Bf1 exd4 10.Nxd4 Ng4 11.Qxg4 Bxd4 12.Be3 Nf6 13.Qh4 Bxe3 14.Rxe3 Ng4 15.Qxd8
Rxd8 16.Rd3 Be6 17.b3 Rd7 18.h3 Nf6 19.f4 d5 20.cxd5 cxd5 21.e5 Ne4 22.Nxe4
dxe4 23.Rxd7 Bxd7 24.Rd1 Be6 25.Rd4 Rc8 26.Rxe4 Rc1 27.Kf2 Ra1 28.Re2 b5
29.Rd2 a6 30.Be2 Bf5 31.g4 Bb1 32.Rd1 a5 33.Ke3 a4 34.bxa4 bxa4 35.Bd3 {#r}
1-0

[Event "It (open)"]
[Site "masterchessopen.com – Bad Wiessee (Germany)"]
[Date "2002.11.02"]
[Round "8"]
[White "Kalka Arkadius Georg (GER)"]
[Black "Stimpel Franz (GER)"]
[Result "1-0"]
[WhiteElo "2405"]
[BlackElo "2287"]

1.d4 Nf6 2.c4 d6 3.Nc3 Nbd7 4.e4 e5 5.Nf3 g6 6.Be2 Bg7 7.O-O O-O 8.Re1 c6
9.Bf1 exd4 10.Nxd4 Ng4 11.Qxg4 Bxd4 12.Be3 Bg7 13.Rad1 Ne5 14.Qg3 Be6 15.c5 d5
16.exd5 cxd5 17.Bg5 Qc7 18.Nb5 Qb8 19.Be7 Nc6 20.Bd6 Qd8 21.Bxf8 Qxf8 22.Nc7
Rd8 23.Rxe6 fxe6 24.Nxe6 {#r} 1-0

[Event "Ch Europe (juniors) (under 18) (g)"]
[Site "masterchessopen.com – Budva (Yugoslavia)"]
[Round "5"]
[White "Dedijer Sanja (BIH)"]
[Black "Bronnikova Elizaveta (RUS)"]
[Result "0-1"]
[WhiteElo "2064"]
[BlackElo "2234"]

1.d4 Nf6 2.c4 g6 3.Nc3 Bg7 4.e4 d6 5.Nf3 O-O 6.Be2 e5 7.O-O Nbd7 8.Re1 c6
9.Bf1 exd4 10.Nxd4 Ng4 11.Qxg4 Bxd4 12.Qd1 Qf6 13.Be3 Bxe3 14.Rxe3 Ne5 15.Qd2
Be6 16.Qxd6 Rad8 17.Qb4 Rd2 18.Re2 Rd7 19.Re3 Rd2 20.Re2 Rd7 21.Re3 Rfd8
22.Be2 Qg5 23.Rf1 a5 24.Qa4 Nd3 25.Nd5 cxd5 26.Bxd3 dxc4 27.Bxc4 Rd4 28.Rc3
Bxc4 29.Rxc4 b5 30.f4 bxa4 {#R} 0-1

[Event "It (open)"]
[Site "masterchessopen.com – Chennai (India)"]
[Round "12"]
[White "Phillips Roy (MRI)"]
[Black "Shivkumar L V (IND)"]
[Result "1-0"]
[WhiteElo "2229"]
[BlackElo "2093"]

1.d4 Nf6 2.c4 g6 3.Nc3 Bg7 4.e4 d6 5.Be2 O-O 6.Nf3 e5 7.O-O Nbd7 8.Re1 c6
9.Bf1 exd4 10.Nxd4 Nc5 11.f3 Re8 12.Be3 a5 13.Qd2 Qc7 14.Rad1 Bf8 15.Kh1 Nfd7
16.Bh6 Be7 17.h3 f6 18.Qf2 Ne5 19.Bc1 Ne6 20.Nc2 Nf7 21.b3 Ng7 22.Bb2 h5
23.Ne3 f5 24.exf5 Nxf5 25.Nxf5 Bxf5 26.g4 hxg4 27.hxg4 Bd7 28.Qc2 Ne5 29.Rxe5
dxe5 30.Qxg6+ Kf8 31.Qh6+ Kg8 32.Qg6+ Kf8 33.Qh6+ Kf7 34.Qh7+ {#r} 1-0

[Event "It \"]
[Site "masterchessopen.com – Copenhagen (Denmark)"]
[Date "2004.07.27"]
[Round "5"]
[White "Romsdal Trond (NOR)"]
[Black "Mortensen Erling (DEN)"]
[Result "0-1"]
[WhiteElo "2223"]
[BlackElo "2465"]

1.d4 g6 2.c4 Bg7 3.Nf3 d6 4.Nc3 Nd7 5.e4 e5 6.Be2 Ngf6 7.O-O O-O 8.Re1 c6
9.Bf1 exd4 10.Nxd4 Re8 11.Nb3 Qe7 12.Bf4 Ne5 13.h3 Nh5 14.Bh2 Qg5 15.Kh1 Be6
16.Nd2 Qf6 17.Kg1 Nf4 18.Qc2 g5 19.f3 h5 20.g4 Neg6 21.Nb3 Nh4 22.Re3 Nxh3+
23.Bxh3 Nxf3+ 24.Kh1 hxg4 25.Rf1 Qh6 26.Rexf3 gxf3 27.Bxe6 Rxe6 28.Rxf3 Rae8
29.Nd2 g4 30.Rg3 Rg6 31.Nf1 Be5 32.Kg2 Bxg3 33.Nxg3 f5 34.Nxf5 Qh3+ 35.Kg1 g3
36.Nxg3 Rxg3+ 37.Bxg3 Qxg3+ 38.Kf1 Rf8+ {#R} 0-1